Premio Quórum / (Record no. 11939)
[ view plain ]
| 000 -CABECERA | |
|---|---|
| campo de control de longitud fija | 00832nam a2200253 4500 |
| 003 - IDENTIFICADOR DEL NÚMERO DE CONTROL | |
| campo de control | OSt |
| 005 - FECHA Y HORA DE LA ÚLTIMA TRANSACCIÓN | |
| campo de control | 20260530113906.0 |
| 008 - DATOS DE LONGITUD FIJA--INFORMACIÓN GENERAL | |
| campo de control de longitud fija | 260507b2013 mx a|||| |||| 00| 0 spa d |
| 040 ## - FUENTE DE LA CATALOGACIÓN | |
| Centro catalogador/agencia de origen | ICI |
| Lengua de catalogación | spa |
| Centro/agencia transcriptor | ICI |
| 050 4# - SIGNATURA TOPOGRÁFICA DE LA BIBLIOTECA DEL CONGRESO | |
| Número de clasificación | N395.M49 |
| Número de documento/Ítem | P74 |
| 245 00 - MENCIÓN DE TÍTULO | |
| Título | Premio Quórum / |
| Mención de responsabilidad, etc. | Maru Gutiérrez, coordinación editorial ; Pedro Díaz Sáenz |
| 250 ## - MENCIÓN DE EDICIÓN | |
| Mención de edición | Primera edición |
| 264 #1 - PRODUCCIÓN, PUBLICACIÓN, DISTRIBUCIÓN, FABRICACIÓN Y COPYRIGHT | |
| Nombre del de productor, editor, distribuidor, fabricante | Quórum, Consejo de Diseñadores de México, |
| Fecha de producción, publicación, distribución, fabricación o copyright | 2013 |
| Producción, publicación, distribución, fabricación y copyright | [México] : |
| 300 ## - DESCRIPCIÓN FÍSICA | |
| Extensión | 232 páginas : |
| Otras características físicas | ilustraciones |
| Dimensiones | 23cm. |
| 336 ## - TIPO DE CONTENIDO | |
| Término de tipo de contenido | texto |
| Fuente | rdacontent |
| 337 ## - TIPO DE MEDIO | |
| Nombre/término del tipo de medio | sin medio |
| Fuente | rdamedia |
| 338 ## - TIPO DE SOPORTE | |
| Nombre/término del tipo de soporte | volumen |
| Fuente | rdacarrier |
| 500 ## - NOTA GENERAL | |
| Nota general | Premio Quórum/Año cero |
| 650 4# - PUNTO DE ACCESO ADICIONAL DE MATERIA--TÉRMINO DE MATERIA | |
| Término de materia o nombre geográfico como elemento de entrada | Arte |
| Subdivisión general | Premios |
| Subdivisión geográfica | México |
| 650 4# - PUNTO DE ACCESO ADICIONAL DE MATERIA--TÉRMINO DE MATERIA | |
| Término de materia o nombre geográfico como elemento de entrada | Artistas |
| Subdivisión geográfica | México |
| 9 (RLIN) | 32755 |
| 700 1# - PUNTO DE ACCESO ADICIONAL--NOMBRE DE PERSONA | |
| Nombre de persona | Gutiérrez, Maru, |
| Numeración | editor |
| 9 (RLIN) | 32756 |
| 700 1# - PUNTO DE ACCESO ADICIONAL--NOMBRE DE PERSONA | |
| Nombre de persona | Díaz Sáenz, Pedro, |
| Término indicativo de función/relación | traductor |
| 9 (RLIN) | 32757 |
| 942 ## - ELEMENTOS DE PUNTO DE ACCESO ADICIONAL (KOHA) | |
| Fuente del sistema de clasificación o colocación | Library of Congress Classification |
| Tipo de ítem Koha | |
No items available.